<?xml version="1.0" encoding="UTF-8"?>
<record
    xmlns:xsi="http://www.w3.org/2001/XMLSchema-instance"
    xsi:schemaLocation="http://www.loc.gov/MARC21/slim http://www.loc.gov/standards/marcxml/schema/MARC21slim.xsd"
    xmlns="http://www.loc.gov/MARC21/slim">

  <leader>00372nam a2200145Ia 4500</leader>
  <controlfield tag="008">150201s1993    xx            000 0 und d</controlfield>
  <datafield tag="082" ind1=" " ind2=" ">
    <subfield code="a">617.525</subfield>
    <subfield code="b">K1993P</subfield>
  </datafield>
  <datafield tag="100" ind1=" " ind2=" ">
    <subfield code="a">PETER BANKS</subfield>
  </datafield>
  <datafield tag="245" ind1=" " ind2=" ">
    <subfield code="a">KILLEYS FRACTURES OF THE MANDIBLE</subfield>
  </datafield>
  <datafield tag="250" ind1=" " ind2=" ">
    <subfield code="a">1ST</subfield>
  </datafield>
  <datafield tag="260" ind1=" " ind2=" ">
    <subfield code="b">VARGHESE PUBLICATION</subfield>
    <subfield code="a">DADAR(MUMBAI)</subfield>
    <subfield code="c">1993</subfield>
  </datafield>
  <datafield tag="300" ind1=" " ind2=" ">
    <subfield code="a">1-250</subfield>
  </datafield>
  <datafield tag="650" ind1=" " ind2=" ">
    <subfield code="a">ORAL SURGERY</subfield>
  </datafield>
  <datafield tag="942" ind1=" " ind2=" ">
    <subfield code="2">ddc</subfield>
    <subfield code="c">BK</subfield>
    <subfield code="0">7</subfield>
  </datafield>
  <datafield tag="952" ind1=" " ind2=" ">
    <subfield code="0">0</subfield>
    <subfield code="1">0</subfield>
    <subfield code="2">ddc</subfield>
    <subfield code="4">0</subfield>
    <subfield code="7">0</subfield>
    <subfield code="a">FD</subfield>
    <subfield code="b">FD</subfield>
    <subfield code="d">2008-01-09</subfield>
    <subfield code="e">DELHI BOOK STORE( DELHI)</subfield>
    <subfield code="g">250.00</subfield>
    <subfield code="h">1</subfield>
    <subfield code="i">SGTU</subfield>
    <subfield code="l">11</subfield>
    <subfield code="m">1</subfield>
    <subfield code="o">617.525 K1993P</subfield>
    <subfield code="p">FD4748</subfield>
    <subfield code="r">2024-10-08 00:00:00</subfield>
    <subfield code="s">2024-09-27</subfield>
    <subfield code="w">2012-10-17</subfield>
    <subfield code="y">BK</subfield>
    <subfield code="k">1550</subfield>
  </datafield>
  <datafield tag="952" ind1=" " ind2=" ">
    <subfield code="0">0</subfield>
    <subfield code="1">0</subfield>
    <subfield code="2">ddc</subfield>
    <subfield code="4">0</subfield>
    <subfield code="7">0</subfield>
    <subfield code="a">FD</subfield>
    <subfield code="b">FD</subfield>
    <subfield code="d">2008-01-09</subfield>
    <subfield code="e">DELHI BOOK STORE( DELHI)</subfield>
    <subfield code="g">250.00</subfield>
    <subfield code="h">1</subfield>
    <subfield code="i">SGTU</subfield>
    <subfield code="l">9</subfield>
    <subfield code="o">617.525 K1993P</subfield>
    <subfield code="p">FD4749</subfield>
    <subfield code="r">2026-03-13 00:00:00</subfield>
    <subfield code="s">2026-03-05</subfield>
    <subfield code="w">2012-10-17</subfield>
    <subfield code="y">BK</subfield>
    <subfield code="k">1550</subfield>
  </datafield>
  <datafield tag="952" ind1=" " ind2=" ">
    <subfield code="0">0</subfield>
    <subfield code="1">0</subfield>
    <subfield code="2">ddc</subfield>
    <subfield code="4">0</subfield>
    <subfield code="7">0</subfield>
    <subfield code="a">FD</subfield>
    <subfield code="b">FD</subfield>
    <subfield code="d">2008-01-09</subfield>
    <subfield code="e">DELHI BOOK STORE( DELHI)</subfield>
    <subfield code="g">250.00</subfield>
    <subfield code="h">1</subfield>
    <subfield code="i">SGTU</subfield>
    <subfield code="l">3</subfield>
    <subfield code="o">617.525 K1993P</subfield>
    <subfield code="p">FD4750</subfield>
    <subfield code="r">2024-07-13 00:00:00</subfield>
    <subfield code="s">2024-06-27</subfield>
    <subfield code="w">2012-10-17</subfield>
    <subfield code="y">BK</subfield>
    <subfield code="k">1550</subfield>
  </datafield>
  <datafield tag="999" ind1=" " ind2=" ">
    <subfield code="c">3828</subfield>
    <subfield code="d">3828</subfield>
  </datafield>
</record>
